NETTER ATLAS OF HUMAN ANATOMY CLASIC REGIONAL APPROACH (Record no. 30700)

MARC details
000 -LEADER
fixed length control field 00448nam a22001697a 4500
003 - CONTROL NUMBER IDENTIFIER
control field SGT
020 ## - INTERNATIONAL STANDARD BOOK NUMBER
International Standard Book Number 97803238793742
082 ## - DEWEY DECIMAL CLASSIFICATION NUMBER
Classification number 611
Item number N23N
100 ## - MAIN ENTRY--PERSONAL NAME
Personal name NETTER, FRANK H.
245 ## - TITLE STATEMENT
Title NETTER ATLAS OF HUMAN ANATOMY CLASIC REGIONAL APPROACH
250 ## - EDITION STATEMENT
Edition statement 8TH
260 ## - PUBLICATION, DISTRIBUTION, ETC. (IMPRINT)
Place of publication, distribution, etc PHILADELPHIA
Name of publisher, distributor, etc ELSEVIER PUB
Year of Publication 2023
300 ## - PAGE DESCRIPTION
No. of Pages 556
650 ## - SUBJECT ADDED ENTRY--TOPICAL TERM
Topical term or geographic name as entry element HUMAN ANATOMY
653 ## - KEYWORDS--INDEX TERM
Keyword term NETTER ATLAS OF HUMAN ANATOMY CLASIC REGIONAL APPROACH
942 ## - ADDED ENTRY ELEMENTS (KOHA)
Source of classification or shelving scheme Dewey Decimal Classification
Koha item type Books
Holdings
Withdrawn status Lost status Source of classification or shelving scheme Damaged status Not for loan Collection code Home library Current library Shelving location Date acquired Vendor Name Cost, normal purchase price SGTU Bill Number Full call number Accession No. (Barcode) Date last seen Bill Date Koha item type Total Checkouts Checked out Date last borrowed
    Dewey Decimal Classification   Not For Loan MEDICAL SGT Medical Library SGT Medical Library Reference Book 11/02/2025 ABC DELHI 2395.00 SGTU 20461 611 N23N FM14946 05/04/2025 11/02/2025 Books      
    Dewey Decimal Classification     MEDICAL SGT Medical Library SGT Medical Library Text Book 11/02/2025 ABC DELHI 2395.00 SGTU 20461 611 N23N FM14947 22/05/2026 11/02/2025 Books 7 05/06/2026 22/05/2026
    Dewey Decimal Classification     MEDICAL SGT Medical Library SGT Medical Library Text Book 11/02/2025 ABC DELHI 2395.00 SGTU 20461 611 N23N FM14948 20/03/2026 11/02/2025 Books 4   17/03/2026
    Dewey Decimal Classification     MEDICAL SGT Medical Library SGT Medical Library Text Book 11/02/2025 ABC DELHI 2395.00 SGTU 20461 611 N23N FM14949 26/05/2026 11/02/2025 Books 12   13/05/2026
    Dewey Decimal Classification     MEDICAL SGT Medical Library SGT Medical Library Text Book 11/02/2025 ABC DELHI 2395.00 SGTU 20461 611 N23N FM14950 25/05/2026 11/02/2025 Books 9 08/06/2026 25/05/2026